| 000 | 00454pab a2200169 454500 | ||
|---|---|---|---|
| 008 | 180718b2010 xxu||||| |||| 00| 0 eng d | ||
| 100 | _aLal, Kaushalesh | ||
| 245 | _aNon-technological innovations and performance | ||
| 260 | _c2010 | ||
| 300 | _ap.148-165. | ||
| 362 | _aJul-Dec | ||
| 650 | _aScientific innovations | ||
| 700 | _aPaul, Shampa | ||
| 773 | _aIASSI Quarterly: Contributions to Indian Social Sciences | ||
| 908 | _aN | ||
| 909 | _a91853 | ||
| 999 |
_c91853 _d91853 |
||